|
|
|
|
| LEADER |
00000ny a22000003n 4500 |
| 005 |
20110607121633.0 |
| 008 |
970410s1987 sp s 000 0 spa c |
| 020 |
|
|
|a 8471305933
|
| 035 |
|
|
|a 680
|
| 040 |
|
|
|a UMA.CEE
|d vLex
|
| 040 |
|
|
|a UMA.RE
|d vLex
|
| 080 |
|
|
|a 347(460)
|
| 090 |
|
|
|c 2152
|d 2152
|
| 245 |
0 |
0 |
|a Comentarios al Cd̤igo Civil y compilaciones forales
|h [Recurso electrn̤ico]
|c dirigidos por Manuel Albaladejo
|
| 256 |
|
|
|a Servicio en ln̕ea
|
| 260 |
|
|
|a Madrid :
|b Revista de Derecho Privado :
|b Editoriales de Derecho Reunidas,
|c D.L. 1987
|
| 300 |
|
|
|a p. ;
|c 21 cm
|
| 505 |
0 |
|
|t Tomo XXX, Artc̕ulo 277 al final de la Compilacin̤ de Cataluą /
|
| 506 |
1 |
|
|a Contenido solo disponible en los productos indicados
|d vLex Global
|d vLex Global (Academic Edition, excluding Law Schools)
|d vLex Global (U.S. Academic Edition, Law Schools)
|d vLex Global (U.S. Academic Edition, excluding Law Schools)
|d vLex Global (Academic Edition, Law Schools)
|
| 650 |
0 |
7 |
|2 Tesauro vLex
|a Civil
|
| 650 |
0 |
7 |
|2 Tesauro vLex
|a Cd̤igo civil
|
| 650 |
0 |
7 |
|2 Tesauro vLex
|a Derecho foral de Cataluą
|
| 700 |
|
|
|a Albaladejo Garca̕, Manuel,
|e dir
|
| 740 |
0 |
|
|a vLex Libros (Servicios en ln̕ea)
|
| 856 |
4 |
0 |
|z Acceso restringido
|u http://vlex.com/source/680
|
| 942 |
|
|
|c BOOK
|